| 000 | 01221nam0a2200325 4500 | ||
|---|---|---|---|
| 001 | RU\NLR\bibl\88648 | ||
| 005 | 20260406055321.0 | ||
| 010 | _a5-220-00231-7 | ||
| 021 |
_aRU _b2000-383 _920 |
||
| 035 | _a(NLR Aleph) 000086598 | ||
| 090 |
_a484286 _c484286 |
||
| 100 | _a20000525d1999 |||y0rusy50 ca | ||
| 101 | 1 |
_arus _ceng |
|
| 102 | _aRU | ||
| 105 | _ay ||||||||| | ||
| 200 | 1 |
_aПуть трансформации _dThe Path of Transformation _eКак самоисцеление может изменить мир _fШакти Гавэйн _g[Пер. с англ. Д. Гапеева, В. Пузанов] |
|
| 210 |
_aКиев _cСофия _d1999 |
||
| 215 |
_a222 с. _d17 |
||
| 300 | _aАвт. также на англ. яз.: Shakti Gawain | ||
| 320 | _aБиблиогр. в подстроч. прим. | ||
| 510 | 0 |
_aThe Path of Transformation _zeng |
|
| 606 | 0 |
_aЛичность _xСаморазвитие _91532924 _3RU\NLR\auth\66667698 |
|
| 686 | _aС550.354 | ||
| 700 | 1 |
_4070 _7ca _8rus _aГавэйн _bШ. _gШакти _9119529 _3RU\NLR\auth\779718 |
|
| 801 | 0 |
_aRU _bNLR _c20000525 _gPSBO |
|
| 801 | 1 |
_aRU _bNLR _c20000525 |
|
| 852 |
_aNLR _j2000-2/620 |
||
| 942 | _cBOOK | ||
| 980 | _aNB | ||